000 00666nam a2200289Ia 4500
005 20260324120727.0
008 008 260324s9999 xx 000 0 eng d
020 _a9781315773957
037 _aEBOOK
040 _aCRL
040 _beng
040 _cCRL
041 _2eng
041 _aeng
084 _qCRL
100 _aJunji Banno
245 0 _aJapan's Modern History, 1857-1937
245 2 _bA New Political Narrative
260 _bTaylor and Francis
260 _c2014
365 _a
365 _b280
856 _uhttp://www.taylorfrancis.com/books/9781315773957
942 _cEBOOK
999 _c1751406
_d1751406